UK Town and City Trivia - Leicester - Statistics

General Stats
  • This quiz has been taken 35 times
  • The average score is 8 of 15
Answer Stats
Hint Answer % Correct
Monarch whose remains were found in a Leicester car park in 2012 Richard III
93%
Museum of astronomy, rockets, satellites and meteorites National {Space} Centre
83%
Leicester City football player who won 80 caps for England Gary Lineker
76%
Leicester's professional rugby union club Leicester Tigers
62%
Leicester based university that began awarding degrees in 1992 De Montfort
59%
Fictional adolescent diarist created by Leicester born author Sue Townsend Adrian Mole
55%
Battle at which the above person was killed in 1485 Bosworth Field
55%
Home stadium of Leicester City F.C. King Power Stadium
55%
Rock band for which Leicester born John Deacon was the bassist Queen
55%
Short motorway that connects Leicester directly to Coventry M69
38%
Ancient Roman road that linked Exeter and Lincoln, via Leicester Fosse way
34%
Leicester born member of the Monty Python team Graham Chapman
34%
River that flows through central Leicester Soar
34%
Central park with a memorial arch, next to the University of Leicester campus Victoria Park
28%
Chancellor and advisor to Henry VIII, who was buried at Leicester Abbey Thomas Wolsey
21%
No matching quizzes found
Score Distribution
Percent of People with Each Score
Percentile by Number Answered
Your Score History
You have not taken this quiz